Formel 1 WM-Fahrerwertung 2025 - Statistiken

Allgemein
  • Dieses Quiz wurde 85 mal gespielt
  • Das Durchschnittsergebnis liegt bei 10 aus 21
Antwortstatistiken
Antwort % Korrekt
Piastri
100%
Verstappen
99%
Norris
97%
Hamilton
88%
Leclerc
87%
Russell
85%
Antonelli
73%
Albon
51%
Hülkenberg
39%
Doohan
33%
Hadjar
33%
Colapinto
31%
Ocon
27%
Stroll
27%
Bortoleto
25%
Tsunoda
24%
Sainz
22%
Lawson
21%
Alonso
18%
Bearman
16%
Gasly
16%
Keine übereinstimmenden Quizze gefunden
Verteilung der Resultate
Anzahl Personen mit jedem Resultat
Perzentil nach korrekt beantworteten Fragen
Ihre Resultats-Entwicklung
Sie haben dieses Quiz noch nicht gespielt